000 00849nam a2200229 a 4500
001 BRCA_4614
005 20190320204734.0
008 270910s1953----mx-a######---#000-0#spa-#
041 _aspa
044 _amx
050 4 _aZ739
_b.T67 1953
100 1 _aTorre, Ernesto de la
_911679
245 1 0 _aXXV aniversario de la fundación del Departamento de Bibliotecas de la Secretaría de Hacienda y Crédito Público
_cErnesto de la Torre.
260 _aMéxico
_bTalleres de Impresión de Estampillas y Valores
_c1953
300 _a22 p.
_bil., 4 láminas
_c20 cm.
500 _aFolleto inventariado por Banco de México como libro
500 _aCFG88
610 2 4 _aDepartamento de Bibliotecas de la Secretaría de Hacienda y Crédito Público
_zMéxico
_911680
650 1 4 _aBibliotecas
_vFolletos
_zMéxico
_911681
902 _aGFM
942 _2lcc
_cB
999 _c4319
_d4319